[Event "Mittelfranken-ch QT 53rd"]
[Site "Lauf"]
[Date "2004.04.10"]
[Round "7"]
[White "Krajczy, Werner"]
[Black "Sherstnyov, Anatoliy"]
[Result "1-0"]
[WhiteElo "1701"]
[BlackElo "1571"]
[PlyCount "99"]
[EventDate "2004.04.07"]
[EventType "swiss"]
[EventRounds "7"]
[EventCountry "GER"]
[SourceTitle "EXT 2015"]
[Source "ChessBase"]
[SourceDate "2014.11.20"]
[SourceVersion "1"]
[SourceVersionDate "2014.11.20"]
[SourceQuality "1"]

1. e4 e6 2. d4 d5 3. e5 c5 4. c3 Nc6 5. a3 Qb6 6. Nf3 Nge7 7. dxc5 Qxc5 8. Be3 Qa5 9. Bd3 Bd7 10. 0-0 Ng6 11. Bd4 a6 12. Re1 Be7 13. Nbd2 Rc8 14. c4 Nxd4 15. Nxd4 dxc4 16. Nxc4 Qd5 17. Nb6 Qxd4 18. Nxc8 Nxe5 19. Bf1 Qxd1 20. Raxd1 Nc6 21. Nb6 Nb8 22. Nxd7 Nxd7 23. Rc1 Nf6 24. Rc8+ Bd8 25. Rd1 Nd5 26. Bc4 0-0 27. Bxd5 exd5 28. Rxd5 Bf6 29. Rxf8+ Kxf8 30. b3 Ke7 31. Kf1 b6 32. Ke2 Ke6 33. Rd3 Be7 34. a4 a5 35. f3 h5 36. Rc3 Bc5 37. Kd3 Kf5 38. Rc4 g5 39. h3 h4 40. Re4 f6 41. Kc4 Kg6 42. Kb5 Kf7 43. Rc4 Ke6 44. Rxc5 bxc5 45. Kxc5 Ke5 46. b4 axb4 47. Kxb4 Kd6 48. a5 Kc6 49. Kc4 f5 50. Kd4 1-0

[Event "Mittelfranken-ch QT 53rd"]
[Site "Lauf"]
[Date "2004.04.09"]
[Round "5"]
[White "Bader, Norbert"]
[Black "Sherstnyov, Anatoliy"]
[Result "0-1"]
[WhiteElo "1509"]
[BlackElo "1571"]
[PlyCount "148"]
[EventDate "2004.04.07"]
[EventType "swiss"]
[EventRounds "7"]
[EventCountry "GER"]
[SourceTitle "EXT 2015"]
[Source "ChessBase"]
[SourceDate "2014.11.20"]
[SourceVersion "1"]
[SourceVersionDate "2014.11.20"]
[SourceQuality "1"]

1. e4 e5 2. Nc3 Nf6 3. Nf3 d6 4. Bc4 h6 5. 0-0 Bg4 6. d4 exd4 7. Nd5 c6 8. Nxf6+ Qxf6 9. Qd3 Bxf3 10. Qxf3 Qxf3 11. gxf3 Nd7 12. a4 Ne5 13. Be2 g5 14. Kg2 f6 15. b3 0-0-0 16. Bb2 c5 17. a5 a6 18. Rfd1 Kc7 19. b4 Be7 20. c3 dxc3 21. Bxc3 h5 22. Rac1 Ng6 23. Rd2 Nf4+ 24. Kg3 Kb8 25. Rb2 Ka7 26. Bf1 Rhf8 27. Rcb1 Rb8 28. b5 axb5 29. Bxb5 d5 30. Ra1 Bd6 31. Bd2 Nd3+ 32. Kg2 Nxb2 33. exd5 Be5 34. Rb1 c4 35. Be3+ Ka8 36. a6 b6 37. d6 Rfd8 38. d7 Ka7 39. Kf1 Nd3 40. h3 Nc5 41. Rd1 c3 42. Ke2 c2 43. Rc1 Nxa6 44. Rxc2 Nb4 45. Rc4 Nd5 46. Bc6 Nc3+ 47. Kf1 Ka6 48. Bd2 b5 49. Rc5 b4 50. Rc4 Rb6 51. Be3 Rxc6 52. Rxc6+ Kb7 53. Rc4 Nd5 54. Bd4 b3 55. Bxe5 fxe5 56. Rc5 Rxd7 57. Rb5+ Kc6 58. Rxb3 Nf4 59. Rb1 Nxh3 60. Rc1+ Kb7 61. Rb1+ Kc8 62. Ke2 Nf4+ 63. Ke3 h4 64. Ke4 h3 65. Kxe5 Nd3+ 66. Kf5 Nxf2 67. Kxg5 h2 68. Kf4 Rd1 69. Kg3 h1Q 70. Rb3 Qg1+ 71. Kf4 Nh3+ 72. Kf5 Qg5+ 73. Ke6 Qd5+ 74. Kf6 Qxb3 0-1

[Event "Mittelfranken-ch QT 53rd"]
[Site "Lauf"]
[Date "2004.04.08"]
[Round "4"]
[White "Sherstnyov, Anatoliy"]
[Black "Stecher, Bernd"]
[Result "1/2-1/2"]
[WhiteElo "1571"]
[BlackElo "1438"]
[PlyCount "86"]
[EventDate "2004.04.07"]
[EventType "swiss"]
[EventRounds "7"]
[EventCountry "GER"]
[SourceTitle "EXT 2015"]
[Source "ChessBase"]
[SourceDate "2014.11.20"]
[SourceVersion "1"]
[SourceVersionDate "2014.11.20"]
[SourceQuality "1"]

1. e3 e5 2. d3 Nf6 3. g3 d5 4. Bg2 c6 5. a3 Bd6 6. Ne2 Na6 7. b3 Be6 8. Bb2 Nc5 9. Nd2 Ncd7 10. d4 e4 11. h3 Qc7 12. c4 Qd8 13. c5 Bc7 14. b4 Qb8 15. Nf4 Bxf4 16. exf4 g6 17. 0-0 Nf8 18. Re1 h5 19. Nf1 Qc8 20. Kh2 Ng8 21. Ne3 Nh6 22. Rh1 Nd7 23. Bc3 Nf6 24. Kg1 Nfg8 25. a4 Ne7 26. a5 a6 27. Bd2 Qd7 28. Qe2 f5 29. h4 0-0 30. Bh3 Kg7 31. Nc2 Nc8 32. Be3 Nf7 33. Ne1 Na7 34. Bf1 Nh6 35. Kg2 Ng4 36. f3 Nh6 37. Qd1 Rab8 38. Be2 Nc8 39. Rg1 Ne7 40. Nc2 Nc8 41. Na3 Na7 42. Nb1 Rh8 43. Nc3 Nc8 1/2-1/2